000 00645nam a2200217Ia 4500
005 20230529105817.0
008 131103s9999 xx 000 0 und d
020 _a747519528
_cGBP 7.99
040 _aLoreto College
041 _aEnglish
082 _a820.9
_bWAR
245 _aRomantic literature
_b a guide to romantic literature : 1780-1830
_cedited by Geoff Ward
260 _aLondon
_bBloomsbury
_c1994
300 _aix,259 p.
440 _aBloomsbury guides to English literature
650 _aEnglish Literature
651 _a19th Century - History and Criticism
700 _aWard, Geoff, ed.
850 _aLCLIB
942 _cBK
999 _c7794
_d58273